000 00422nam a2200157Ia 4500
008 230917s9999||||xx |||||||||||||| ||und||
020 _cPON8.95
040 _e20730
_aMAIN
041 _aEnglish
082 _a512.5 H18L
100 _aHamilton, A G
245 0 _aLinear algebra: An introduction with concurrent examples
260 _aCambridge
_bCambridge University Press
_c1989
300 _aviii, 328 p.
942 _cBK
999 _c69284
_d69284